LEADER 00960nam a2200205 i 4500 001 000000210879 003 CaOOAMICUS 005 20120214000000.0 008 120214s1574 xx u000 u lat u 013 $a189692 040 $aSeMil$bita 245 13$aDe rhetorica ecclesiastica ad clericos libri III. 260 $aVenezia :$bapud Andream Bochinum,$c1574. 300 $a9,5 x 15 ;$cpp. 358 ;$crom. 500 $aDescrizione da : Incunaboli e Cinquecentine della Biblioteca del Seminario di Milano / catalogo a cura di Ubaldo Valentini, Milano 1981. - Numero di catalogo : 1633. 700 1 $aValier, Agostino,$c.$0(OLS)http://semarc/name/75441 850 $aSeMil 852 $aSeMil$W1$xVenegono$y1$mFV.B VI 56$j161326$B161326$CSeMilBibl$Z2$F172468 $86 996 $6245$aDe rhetorica ecclesiastica ad clericos libri III$9(OLS)http://semarc/title/304697 996 $6260$aVenezia :$bapud Andream Bochinum$9(OLS)http://semarc/publisher/52532 LEADER 00936nam a2200229 i 4500 001 000000225409 003 CaOOAMICUS 005 20131204000000.0 008 131204s2013 it u000 u ita u 013 $a204311 040 $aSeMil$bita 245 10$a[Lettere :$b1978-1986] /$cGiovanni Colombo, Italo De Feo. 260 $aCaronno Pertusella :$b[s.n.],$c2013. 300 $a48 p. :$bill. ;$c21 cm. 490 0 $aI quaderni colombiani ;$v73 650 4$aColombo, Giovanni - Lettere e carteggi.$0(OLS)http://semarc/subject/30120 830 2$aI quaderni colombiani ;$v73.$0(OLS)http://semarc/title/21284 850 $aSeMil 852 $aSeMil$W1$xVenegono$y1$m5B III 24/36$j175755$B175755$CSeMilBibl$Z2$F186181 $81 961 $aRecupero: Altro 996 $6245$a[Lettere :$b1978-1986]$9(OLS)http://semarc/title/322872 996 $6260$aCaronno Pertusella :$b[s.n.]$9(OLS)http://semarc/publisher/37886